| 000 | 00579nam a22002057a 4500 | ||
|---|---|---|---|
| 999 |
_c6227 _d6227 |
||
| 003 | OSt | ||
| 005 | 20190815153842.0 | ||
| 008 | 190815b ||||| |||| 00| 0 eng d | ||
| 020 | _a9789380026800 | ||
| 040 | _cddc | ||
| 082 | _a004.16 KAL 2011 | ||
| 100 |
_aKaler, R.S. _912815 |
||
| 245 | _aA Textbook of Microprocessors and Microcontrollers | ||
| 260 |
_aNew Delhi; _bI.K. International, _c2011 |
||
| 300 |
_axxvii,799p; _bill: _c24cm |
||
| 504 | _aAppendices, & index included | ||
| 650 |
_aMicroprocessors _912816 |
||
| 650 |
_aMicrocontrollers _912817 |
||
| 942 |
_2ddc _cBOOK |
||